[Event "Challenge"]
[Site "http://www.queenalice.com/game.php?id=16031"]
[Date "2005.6.12"]
[Round "-"]
[White "knight_warhorse"]
[Black "barraw"]
[Result "0-1"]
[WhiteElo "1290"]
[BlackElo "1466"]

1. e4 e5 2. Nf3 d5 3. Nc3 d4 4. Ne2 f6 5. c3 c5 6. h3 d3 7. Ng3 c4 8. Qa4+ Qd7
9. Qxc4 Qc6 10. Bxd3 Be6 11. Qxc6+ Nxc6 12. Bb5 Bd6 13. Nh5 Kf7 14. Bxc6 bxc6
15. b4 Ne7 16. d4 g6 17. Ng3 h5 18. a4 h4 19. dxe5 fxe5 20. Ne2 Bc4 21. Bg5 a5
22. Bxe7 Kxe7 23. g3 hxg3 24. fxg3 axb4 25. Kd2 b3 26. Rab1 Rxa4 27. Ra1 Rxa1
0-1

[Event "Challenge"]
[Site "http://www.queenalice.com/game.php?id=16046"]
[Date "2005.6.13"]
[Round "-"]
[White "knight_warhorse"]
[Black "Marcelo"]
[Result "1/2-1/2"]
[WhiteElo "1273"]
[BlackElo "1672"]

1. e4 e5 2. Nf3 Nc6 3. d4 exd4 4. Nxd4 Bb4+ 5. c3 Nxd4 6. Qxd4 Bf8 7. b3 c5 8.
Qc4 Nf6 9. Bg5 Be7 10. Bxf6 Bxf6 11. Qxc5 Be7 12. Qd4 O-O 13. Bd3 d6 14. O-O Bf6
15. Qe3 Be6 16. Bc2 Be5 17. a4 Qc7 18. f4 Bf6 19. Qd3 g6 20. f5 Qc5+ 21. Kh1
gxf5 22. exf5 Bd5 23. Rd1 Bc6 24. Qxd6 Qf2 25. Rg1 Qxc2 26. Qxf6 Rae8 27. b4 Re2
28. Qg5+ Kh8 29. Qf6+ Kg8 30. Qg5+ Kh8 31. Qf6+ 1/2-1/2

[Event "Challenge"]
[Site "http://www.queenalice.com/game.php?id=16047"]
[Date "2005.6.13"]
[Round "-"]
[White "knight_warhorse"]
[Black "dnptrs"]
[Result "0-1"]
[WhiteElo "1284"]
[BlackElo "1941"]

1. e4 c5 2. Nf3 e6 3. d4 cxd4 4. Qxd4 Nc6 5. Qe3 Nf6 6. a3 d6 7. Nc3 a6 8. b4
Be7 9. h3 O-O 10. Ng5 b5 11. Bd3 Bb7 12. Bb2 Rc8 13. O-O-O Qc7 14. f4 e5 15. f5
Nd4 16. g4 d5 17. Rhg1 h6 18. h4 hxg5 19. hxg5 Nxe4 20. Bxe4 dxe4 21. f6 Nf3 22.
fxe7 Qxe7 23. Rh1 Qxg5 24. Qxg5 Nxg5 25. Rh5 f6 26. Re1 Rc4 27. Nd1 Rcc8 28. Ne3
Bc6 29. Nf5 Rc7 30. Bxe5 Rd7 31. Bd6 Re8 32. Reh1 Nf7 33. Bf4 e3 34. Re1 e2 35.
Rh3 g6 36. Ng3 Bf3 37. Bd2 Ng5 38. Rh2 Bxg4 39. Reh1 Rxd2 40. Rh8+ Kf7 41. Kxd2
e1=Q+ 42. Rxe1 Rxh8 43. Kc3 Rh3 44. Re3 f5 0-1

[Event "Challenge"]
[Site "http://www.queenalice.com/game.php?id=16052"]
[Date "2005.6.13"]
[Round "-"]
[White "knight_warhorse"]
[Black "bm2099"]
[Result "1-0"]
[WhiteElo "1100"]
[BlackElo "1409"]

1. e4 e5 2. Nf3 Nc6 3. d4 exd4 4. Nxd4 Ne5 5. Bf4 d6 6. Bd3 Bg4 7. Qd2 Qh4 8.
Bxe5 dxe5 9. Bb5+ c6 10. Nxc6 Bc5 11. Nxe5+ Ke7 12. Qf4 Bxf2+ 13. Qxf2 Qxf2+ 14.
Kxf2 Nf6 15. Re1 Rac8 16. c4 a6 17. Ba4 Rc5 18. Nxg4 Rxc4 19. Nxf6 gxf6 20. Nc3
b5 21. Nd5+ Kd6 22. Bb3 Rc5 23. Rad1 Ke5 24. Nc3 Rf8 25. Rd5+ Rxd5 26. exd5+ Kd6
27. Ne4+ Ke5 28. Ng5+ Kf5 29. Nxh7 Rh8 30. d6 Rd8 31. Bc2+ Kf4 32. Re4+ Kf5 33.
Re8+ 1-0

[Event "Challenge"]
[Site "http://www.queenalice.com/game.php?id=16053"]
[Date "2005.6.13"]
[Round "-"]
[White "knight_warhorse"]
[Black "CastleRook"]
[Result "1-0"]
[WhiteElo "1336"]
[BlackElo "1354"]

1. e4 e5 2. Nf3 Nf6 3. Nxe5 Bd6 4. Nc4 Nxe4 5. Qe2 Qe7 6. Nxd6+ cxd6 7. d3 Nf6
8. Qxe7+ Kxe7 9. Bg5 h6 10. Bxf6+ gxf6 11. Nc3 Nc6 12. O-O-O Nb4 13. a3 Nc6 14.
Be2 b5 15. Nxb5 Ba6 16. Nc7 Rab8 17. Nxa6 Rb6 18. Nc7 Nd4 19. Nd5+ Kd8 20. Nxb6
axb6 21. Bh5 Rf8 22. Rhe1 1-0

[Event "Challenge"]
[Site "http://www.queenalice.com/game.php?id=16054"]
[Date "2005.6.13"]
[Round "-"]
[White "knight_warhorse"]
[Black "CastleRook"]
[Result "1-0"]
[WhiteElo "1364"]
[BlackElo "1351"]

1. e4 e5 2. Nf3 Nf6 3. Nxe5 Bd6 4. Nc4 Bc5 5. Nc3 d5 6. Ne3 dxe4 7. h3 Nc6 8. g4
Nd4 9. g5 Nh5 10. Qxh5 Nf3+ 11. Kd1 Bf8 12. Nxe4 Nd4 13. c3 g6 14. Qh4 Nf3 15.
Qf4 Nxd2 16. Bxd2 Be6 17. Nf6+ Ke7 18. c4 Qd6 19. Nfd5+ Bxd5 20. Nxd5+ Kd8 21.
Qxf7 Rc8 22. Bb4 c5 23. Bc3 Rg8 24. Bf6+ Be7 25. Bxe7+ Kd7 26. Bxd6+ Kxd6 27.
Qe7+ Kc6 28. Qe6# 1-0

[Event "AUTO-OPEN-93"]
[Site "http://www.queenalice.com/game.php?id=16066"]
[Date "2005.6.13"]
[Round "1"]
[White "peondoblado"]
[Black "knight_warhorse"]
[Result "1-0"]
[WhiteElo "1500"]
[BlackElo "1413"]

1. e4 e5 2. f4 Nc6 3. Nf3 Qf6 4. Bc4 h6 5. O-O exf4 6. d4 d6 7. Bxf4 Qxf4 8. Kh1
Nd8 9. Ne5 Qxe4 10. Re1 Qh4 11. Ng6+ Qxe1+ 12. Qxe1+ 1-0

[Event "AUTO-OPEN-93"]
[Site "http://www.queenalice.com/game.php?id=16067"]
[Date "2005.6.13"]
[Round "1"]
[White "knight_warhorse"]
[Black "peondoblado"]
[Result "0-1"]
[WhiteElo "1284"]
[BlackElo "1980"]

1. e4 e5 2. Nf3 Nc6 3. Bb5 a6 4. Ba4 Nf6 5. d4 b5 6. Bb3 Nxe4 7. dxe5 Bc5 8. Be3
Bxe3 9. Qd5 Qe7 10. fxe3 Nc5 11. Ng5 Qxg5 12. Qxf7+ Kd8 13. O-O Qxe3+ 14. Kh1
Nxb3 15. Qxg7 Re8 16. axb3 Qxe5 0-1

[Event "AUTO-OPEN-93"]
[Site "http://www.queenalice.com/game.php?id=16094"]
[Date "2005.6.13"]
[Round "1"]
[White "knight_warhorse"]
[Black "Asterix"]
[Result "0-1"]
[WhiteElo "1100"]
[BlackElo "1803"]

1. e4 e5 2. Nf3 Nc6 3. d4 d6 4. dxe5 Bg4 5. exd6 Bxd6 6. h3 Bxf3 7. Qxf3 Nge7 8.
Nc3 Nb4 9. Bd3 Be5 10. a3 Nxd3+ 11. cxd3 Nc6 12. Bf4 Nd4 13. Qd1 Bxf4 14. O-O
O-O 15. Re1 c6 16. b4 Qg5 17. Ra2 Rfd8 18. Na4 Ne6 19. g3 b6 20. h4 Qf6 21. gxf4
Nxf4 22. f3 Rxd3 23. Rd2 Qd4+ 24. Kh1 Rxd2 0-1

[Event "AUTO-OPEN-93"]
[Site "http://www.queenalice.com/game.php?id=16095"]
[Date "2005.6.13"]
[Round "1"]
[White "Asterix"]
[Black "knight_warhorse"]
[Result "1-0"]
[WhiteElo "1870"]
[BlackElo "1336"]

1. e4 e5 2. Nf3 Nc6 3. Bb5 h5 4. Bxc6 dxc6 5. h3 Qf6 6. d4 exd4 7. Nxd4 Bc5 8.
Ne2 Qxf2+ 9. Kd2 Be3+ 10. Kc3 Bxc1 11. Nxc1 Qxg2 12. Nd2 Bxh3 13. Rg1 Qh2 14.
Nf3 Qd6 15. Qxd6 cxd6 16. Rxg7 Ne7 17. Ng5 Be6 18. Nd3 h4 19. Re1 h3 20. Rh1 f6
21. Nxe6 Kd7 22. Nef4 h2 23. Rg2 f5 24. exf5 Nxf5 25. Rgxh2 Rhe8 26. Rh7+ Ne7
27. Ng6 Rac8 28. Re1 Rc7 29. Rhxe7+ Rxe7 30. Rxe7+ Kd8 31. Rxc7 Kxc7 32. Ndf4
1-0

[Event "AUTO-OPEN-93"]
[Site "http://www.queenalice.com/game.php?id=16096"]
[Date "2005.6.13"]
[Round "1"]
[White "knight_warhorse"]
[Black "Pegasus"]
[Result "0-1"]
[WhiteElo "1283"]
[BlackElo "1512"]

1. e4 c5 2. Nf3 Nc6 3. d4 cxd4 4. Nxd4 Nf6 5. Nc3 e5 6. Nxc6 bxc6 7. Bc4 Bb4 8.
O-O Bxc3 9. bxc3 d5 10. Bb3 O-O 11. Bg5 dxe4 12. Qxd8 Rxd8 13. h3 Rd6 14. Rad1
Rxd1 15. Rxd1 Be6 16. Bxe6 fxe6 17. Rd6 Nd5 18. Rxc6 h6 19. Bd2 Re8 20. Ra6 Rc8
21. Rxe6 Nxc3 22. a3 Nb5 23. Rxe5 Rxc2 24. Rxb5 Rxd2 25. Rb4 Rd3 26. Ra4 e3 27.
fxe3 Rxe3 28. Rxa7 g5 29. a4 Ra3 30. a5 h5 31. a6 g4 32. hxg4 hxg4 33. Kh2 g3+
34. Kh3 Kf8 0-1

[Event "Challenge"]
[Site "http://www.queenalice.com/game.php?id=16146"]
[Date "2005.6.14"]
[Round "-"]
[White "knight_warhorse"]
[Black "jumerski"]
[Result "1-0"]
[WhiteElo "1290"]
[BlackElo "1787"]

1. e4 e5 2. Nf3 Nc6 3. d4 exd4 4. Nxd4 Qf6 5. Nxc6 Qxc6 6. Bd3 Bc5 7. O-O d6 8.
a4 a6 9. Be3 Nf6 10. Bxc5 Qxc5 11. Nd2 O-O 12. Ra3 Bd7 13. c4 Bc6 14. Qf3 Qe5
15. Rb3 Rfe8 16. Re1 Qg5 17. Re2 Re5 18. Nf1 Rae8 19. Nd2 Bxe4 20. Bxe4 Rxe4 21.
h4 Rxh4 22. Rxe8+ Nxe8 23. Nf1 Rh6 24. Re3 Re6 25. Rxe6 fxe6 26. Qxb7 Qa5 27. b3
h6 28. Qc8 e5 29. Qxe8+ Kh7 30. Qh5 Qb6 31. Nd2 Qd4 32. Nf3 Qf4 33. g3 Qf6 34.
Nd2 g6 35. Qf3 Kg7 36. Qc6 h5 37. Qxc7+ Kh6 38. Ne4 Qf3 39. Nxd6 h4 40. Nf7+ 1-0

[Event "Challenge"]
[Site "http://www.queenalice.com/game.php?id=16147"]
[Date "2005.6.14"]
[Round "-"]
[White "jumerski"]
[Black "knight_warhorse"]
[Result "1-0"]
[WhiteElo "1668"]
[BlackElo "1284"]

1. e4 e5 2. Bc4 Qf6 3. Nc3 Bc5 4. Nf3 Ne7 5. d3 h6 6. Be3 Qb6 7. Na4 Qa5+ 8. Nc3
Bxe3 9. fxe3 c6 10. O-O d5 11. Nxe5 dxc4 12. Nxf7 Rg8 13. Nd6+ Kd7 14. dxc4 Kc7
15. Qd2 Rd8 16. Ncb5+ Kb6 17. c5+ Ka6 18. b4 Qxb5 19. a4 Rxd6 20. axb5+ Kxb5 21.
c4+ Kxc4 22. Rfc1+ Kb5 23. Ra5# 1-0

[Event "Challenge"]
[Site "http://www.queenalice.com/game.php?id=16148"]
[Date "2005.6.14"]
[Round "-"]
[White "Deinyto"]
[Black "knight_warhorse"]
[Result "0-1"]
[WhiteElo "1155"]
[BlackElo "1332"]

1. e4 e5 2. Qh5 Qf6 3. Nf3 Nc6 4. Bc4 g6 5. Qg5 h6 6. Qxf6 Nxf6 7. O-O Nxe4 8.
d3 Nd6 9. Re1 Nxc4 10. dxc4 Bg7 11. Nc3 O-O 12. Nd5 d6 13. Nxc7 Rb8 14. Nb5 Rd8
15. Be3 b6 16. Rad1 Bf8 17. b4 Nxb4 18. Rc1 Nxa2 19. Ra1 Nb4 20. Rxa7 Nxc2 0-1

[Event "BIG ChEsS GaMe 2"]
[Site "http://www.queenalice.com/game.php?id=16943"]
[Date "2005.6.22"]
[Round "-"]
[White "EmiChess"]
[Black "knight_warhorse"]
[Result "1-0"]
[WhiteElo "1972"]
[BlackElo "1284"]

1. e4 e5 2. Nf3 Nc6 3. Bb5 a6 4. Bxc6 dxc6 5. Nc3 Qf6 6. h3 Bd6 7. d3 h6 8. Be3
Bb4 9. O-O Qg6 10. Nxe5 Qe6 11. f4 g5 12. Ne2 Rh7 13. c3 Be7 14. Nd4 Qf6 15. Ng4
Qg7 16. fxg5 hxg5 17. Qb3 Nf6 18. Nf5 Bxf5 19. Nxf6+ Bxf6 20. Qxb7 Rc8 21. Rxf5
1-0

[Event "Challenge"]
[Site "http://www.queenalice.com/game.php?id=16959"]
[Date "2005.6.22"]
[Round "-"]
[White "arqueduke"]
[Black "knight_warhorse"]
[Result "1-0"]
[WhiteElo "1295"]
[BlackElo "1420"]

1. e4 d5 2. exd5 Qxd5 3. Nc3 Qf5 4. Bb5+ c6 5. Bd3 Qg5 6. Qf3 Bg4 7. Qg3 Qh5 8.
Bc4 b5 9. Be2 Bxe2 10. Ncxe2 Nf6 11. Qc7 Nfd7 12. Qc8# 1-0

[Event "AUTO-OPEN-97"]
[Site "http://www.queenalice.com/game.php?id=17021"]
[Date "2005.6.22"]
[Round "1"]
[White "diego2907"]
[Black "knight_warhorse"]
[Result "1-0"]
[WhiteElo "1654"]
[BlackElo "1292"]

1. e4 e5 2. Bc4 Qf6 3. Nf3 Bc5 4. d3 h6 5. Nc3 Ne7 6. Nb5 Na6 7. a3 Qb6 8. O-O
Ng6 9. Nc3 Nf4 10. Bxf4 exf4 11. Nd5 Qc6 12. Ne5 Qd6 13. Qh5 g6 14. Nxg6 fxg6
15. Qh4 f3 16. e5 Qc6 17. b4 Nxb4 18. Nf6+ Kf8 19. g3 Nxc2 20. Bd5 Qb5 21. Qf4
Ke7 22. Qxf3 Nxa1 23. Ng8+ 1-0

[Event "AUTO-OPEN-97"]
[Site "http://www.queenalice.com/game.php?id=17022"]
[Date "2005.6.22"]
[Round "1"]
[White "knight_warhorse"]
[Black "diego2907"]
[Result "0-1"]
[WhiteElo "1294"]
[BlackElo "1649"]

1. e4 e5 2. Nf3 Nf6 3. Nxe5 Qe7 4. d4 d6 5. Nc4 Nxe4 6. Be3 d5 7. Nca3 Qb4+ 8.
Nd2 Nxd2 9. c3 Qxb2 10. Bxd2 Qxa3 11. f4 Bf5 12. Be2 Nc6 13. Bb5 Be7 14. O-O a6
15. Bxc6+ bxc6 16. Qh5 g6 17. Qh6 Bf6 18. h4 Qb2 19. g4 Bxg4 20. Rae1+ Kd7 21.
Rf2 Qc2 22. c4 Qf5 0-1

[Event "AUTO-OPEN-97"]
[Site "http://www.queenalice.com/game.php?id=17049"]
[Date "2005.6.22"]
[Round "1"]
[White "knight_warhorse"]
[Black "cruiseyleemorph"]
[Result "0-1"]
[WhiteElo "1284"]
[BlackElo "1899"]

1. e4 e5 2. Nf3 Nc6 3. d4 exd4 4. Nxd4 Bc5 5. Nxc6 Qf6 6. f3 dxc6 7. h4 Bd7 8.
Bc4 Qg6 9. g4 O-O-O 10. Bd2 Bxg4 11. Nc3 Bh5 12. Bd3 Qg3+ 0-1

[Event "AUTO-OPEN-97"]
[Site "http://www.queenalice.com/game.php?id=17050"]
[Date "2005.6.22"]
[Round "1"]
[White "cruiseyleemorph"]
[Black "knight_warhorse"]
[Result "1-0"]
[WhiteElo "1873"]
[BlackElo "1273"]

1. e4 e5 2. Nf3 Nc6 3. Bb5 a6 4. Ba4 Nf6 5. O-O b5 6. Bb3 Bc5 7. a4 b4 8. c3
Nxe4 9. Qe2 Nxf2 10. d4 Nh3+ 11. gxh3 Bd6 12. Bxf7+ Kf8 13. Bd5 Be7 14. Nxe5+
1-0

[Event "AUTO-OPEN-97"]
[Site "http://www.queenalice.com/game.php?id=17051"]
[Date "2005.6.22"]
[Round "1"]
[White "knight_warhorse"]
[Black "dipdip"]
[Result "0-1"]
[WhiteElo "1325"]
[BlackElo "1274"]

1. e4 e5 2. Nf3 Bd6 3. d4 exd4 4. Qxd4 Nc6 5. Qxg7 Qf6 6. Qxf6 Nxf6 7. Bd3 b6 8.
O-O h5 9. Re1 Bb4 10. c3 Be7 11. Nbd2 d6 12. Bc4 Be6 13. Bb5 Bd7 14. Bxc6 Bxc6
15. e5 dxe5 16. Nxe5 Bb7 17. Ndf3 Bc5 18. Ng5 Kf8 19. Ngxf7 Rg8 0-1

[Event "AUTO-OPEN-97"]
[Site "http://www.queenalice.com/game.php?id=17052"]
[Date "2005.6.22"]
[Round "1"]
[White "dipdip"]
[Black "knight_warhorse"]
[Result "1-0"]
[WhiteElo "1253"]
[BlackElo "1378"]

1. e4 d5 2. Nc3 Nf6 3. exd5 Nxd5 4. Qf3 e6 5. Qd3 Nc6 6. b3 Ncb4 7. Qe4 Bd7 8.
a3 f5 9. Qc4 Nxc2+ 10. Kd1 Nxa1 11. Nxd5 exd5 12. Qxd5 b6 13. Bc4 Qb8 14. d3 c6
15. Qf7+ Kd8 16. Bg5+ Kc8 17. Ba6+ Kc7 18. Bf4+ Bd6 19. Bxd6+ 1-0